<?xml version="1.0" encoding="UTF-8"?>
<record
    xmlns:xsi="http://www.w3.org/2001/XMLSchema-instance"
    xsi:schemaLocation="http://www.loc.gov/MARC21/slim http://www.loc.gov/standards/marcxml/schema/MARC21slim.xsd"
    xmlns="http://www.loc.gov/MARC21/slim">

  <leader>00833nam a2200181   4500</leader>
  <controlfield tag="005">20260108150741.0</controlfield>
  <datafield tag="010" ind1=" " ind2=" ">
    <subfield code="a">HIN-130767-68</subfield>
  </datafield>
  <datafield tag="020" ind1=" " ind2=" ">
    <subfield code="c">90.00</subfield>
  </datafield>
  <datafield tag="035" ind1=" " ind2=" ">
    <subfield code="a">HN-103113-14</subfield>
  </datafield>
  <datafield tag="037" ind1=" " ind2=" ">
    <subfield code="b">DBAD</subfield>
  </datafield>
  <datafield tag="082" ind1=" " ind2=" ">
    <subfield code="a">821</subfield>
  </datafield>
  <datafield tag="100" ind1=" " ind2=" ">
    <subfield code="a">&#x92E;&#x93F;&#x936;&#x94D;&#x930;&#x93E;, &#x926;&#x947;&#x935;&#x947;&#x928;&#x94D;&#x926;&#x94D;&#x930; &#x915;&#x941;&#x92E;&#x93E;&#x930; </subfield>
    <subfield code="9">86246</subfield>
  </datafield>
  <datafield tag="245" ind1=" " ind2=" ">
    <subfield code="a">&#x917;&#x941;&#x930;&#x941; &#x92C;&#x928;&#x928;&#x947; &#x915;&#x93E; &#x92E;&#x902;&#x924;&#x94D;&#x930; :</subfield>
    <subfield code="c">&#x926;&#x947;&#x935;&#x947;&#x928;&#x94D;&#x926;&#x94D;&#x930; &#x915;&#x941;&#x92E;&#x93E;&#x930; &#x92E;&#x93F;&#x936;&#x94D;&#x930;&#x93E; </subfield>
    <subfield code="b">&#x915;&#x93E;&#x935;&#x94D;&#x92F; -&#x938;&#x902;&#x917;&#x94D;&#x930;&#x939; /</subfield>
  </datafield>
  <datafield tag="260" ind1=" " ind2=" ">
    <subfield code="a">&#x91B;&#x924;&#x940;&#x938;&#x917;&#x922;&#x93C;</subfield>
    <subfield code="b">&#x92A;&#x941;&#x937;&#x94D;&#x92A;&#x917;&#x902;&#x918;&#x93E; &#x92A;&#x94D;&#x930;&#x915;&#x93E;&#x936;&#x928; </subfield>
    <subfield code="c">2009</subfield>
  </datafield>
  <datafield tag="270" ind1=" " ind2=" ">
    <subfield code="a">&#x92E;&#x939;&#x93E;&#x92E;&#x93E;&#x92F;&#x93E; &#x905;&#x928;&#x93E;&#x91C; &#x92D;&#x902;&#x921;&#x93E;&#x930; , &#x930;&#x93E;&#x91C;&#x92E;&#x939;&#x932; &#x91A;&#x94C;&#x915; ,</subfield>
    <subfield code="b">&#x91B;&#x924;&#x940;&#x938;&#x917;&#x922;&#x93C;</subfield>
    <subfield code="e">110053</subfield>
  </datafield>
  <datafield tag="300" ind1=" " ind2=" ">
    <subfield code="a">180&#x92A;&#x943;.</subfield>
    <subfield code="c">22&#x938;&#x947;&#x92E;&#x940;(&#x905;&#x91C;&#x93F;&#x932;&#x94D;&#x926;)</subfield>
  </datafield>
  <datafield tag="942" ind1=" " ind2=" ">
    <subfield code="2">ddc</subfield>
    <subfield code="c">HN</subfield>
    <subfield code="h">821</subfield>
    <subfield code="m">&#x92E;&#x93F;&#x936;&#x94D;&#x930;&#x93E;&#x926;&#x947;</subfield>
  </datafield>
  <datafield tag="999" ind1=" " ind2=" ">
    <subfield code="c">214044</subfield>
    <subfield code="d">214044</subfield>
  </datafield>
  <datafield tag="952" ind1=" " ind2=" ">
    <subfield code="0">0</subfield>
    <subfield code="1">0</subfield>
    <subfield code="4">0</subfield>
    <subfield code="7">0</subfield>
    <subfield code="8">NFIC</subfield>
    <subfield code="a">BN</subfield>
    <subfield code="b">BN</subfield>
    <subfield code="d">2026-01-08</subfield>
    <subfield code="e">DBAD</subfield>
    <subfield code="g">90.00</subfield>
    <subfield code="l">0</subfield>
    <subfield code="o">821 &#x92E;&#x93F;&#x936;&#x94D;&#x930;&#x93E;&#x926;&#x947;</subfield>
    <subfield code="p">HN-103113</subfield>
    <subfield code="r">2026-01-08 00:00:00</subfield>
    <subfield code="t">1</subfield>
    <subfield code="v">90.00</subfield>
    <subfield code="w">2026-01-08</subfield>
    <subfield code="y">HN</subfield>
  </datafield>
  <datafield tag="952" ind1=" " ind2=" ">
    <subfield code="0">0</subfield>
    <subfield code="1">0</subfield>
    <subfield code="4">0</subfield>
    <subfield code="7">0</subfield>
    <subfield code="8">NFIC</subfield>
    <subfield code="a">BN</subfield>
    <subfield code="b">BN</subfield>
    <subfield code="d">2026-01-08</subfield>
    <subfield code="e">DBAD</subfield>
    <subfield code="g">90.00</subfield>
    <subfield code="l">0</subfield>
    <subfield code="o">821 &#x92E;&#x93F;&#x936;&#x94D;&#x930;&#x93E;&#x926;&#x947;</subfield>
    <subfield code="p">HN-103114</subfield>
    <subfield code="r">2026-01-08 00:00:00</subfield>
    <subfield code="t">2</subfield>
    <subfield code="v">90.00</subfield>
    <subfield code="w">2026-01-08</subfield>
    <subfield code="y">HN</subfield>
  </datafield>
</record>
